|
|
|
|
| LEADER |
00000aam a2200000 a 4500 |
| 001 |
vtls001427236 |
| 003 |
SK-MaSNL |
| 005 |
20260301162545.0 |
| 008 |
240318s1870 xr e 00 cze |
| 035 |
|
|
|a SNK000382198
|
| 040 |
|
|
|a SNK
|b slo
|c SNK
|e AACR2
|
| 041 |
0 |
|
|a cze
|
| 044 |
|
|
|a xr
|c CZ
|
| 080 |
|
|
|a (031)
|2 2001
|
| 080 |
|
|
|a (437.3)
|2 2001
|
| 100 |
1 |
|
|a Rieger, František Ladislav,
|d 1818-1903
|4 aut
|9 312871
|
| 245 |
1 |
0 |
|a Slovník naučný
|b Díl osmý
|p S - Szyttler
|c red. Frant. Lad. Rieger, J. Malý
|
| 260 |
|
|
|a Praha
|b I. L. Kober
|c 1870
|
| 300 |
|
|
|a 1213 s.
|c 25 cm
|
| 563 |
|
|
|a Väzba pôvodná
|3 Časť väzby poškodená
|5 SVKPO: B 3026/VIII
|
| 650 |
0 |
7 |
|a náučné slovníky
|2 svkpo
|9 463965
|
| 651 |
|
7 |
|a Česko
|2 svkpo
|9 16753
|
| 655 |
|
7 |
|a encyklopédie
|2 svkpo
|9 28776
|
| 700 |
1 |
|
|a Malý, Jakub Josef Dominik
|d 1811-1885
|4 lso
|9 463966
|
| 999 |
|
|
|c 813643
|d 815573
|
| 952 |
|
|
|t snkRIE/8 030
|a SNKUST
|b SNKUST
|y PREZ
|7 0
|p 17A0296393
|o snkIB 189/8
|i snk5109/34
|0 0
|1 0
|4 0
|d 2002-01-16
|l 0
|r 2025-03-20 00:00:00
|w 2026-02-24
|